Statystyki dla Zwycięzcy Eurowizji (1956-2019)

Kliknij tutaj aby rozwiązać quiz!

Ogólne statystyki

  • Ten quiz został rozwiązany 89 razy
  • Średni wynik to 35 z 67

Statystyki odpowiedzi

RokWykonawcaPaństwo% Poprawnych
2019Duncan LaurenceHolandia
84%
2018NettaIzrael
84%
2017Salvador SobralPortugalia
84%
2015Måns ZelmerlöwSzwecja
84%
2014Conchita WurstAustria
83%
2009Alexander RybakNorwegia
81%
1974ABBASzwecja
80%
2007Marija ŠerifovićSerbia
79%
2004RusłanaUkraina
78%
2010Lena Meyer-LaundrutNiemcy
75%
2016JamalaUkraina
75%
2012LoreenSzwecja
74%
2008Dima BiłanRosja
72%
2006LordiFinlandia
68%
2005Elena PaparizouGrecja
68%
2013Emmelie De ForestDania
67%
2000Olsen BrothersDania
65%
1964Gigliola CinquettiWłochy
63%
2011Ell i NikkiAzerbejdżan
62%
1994Paul Harrington i Charlie McGettiganIrlandia
62%
1999Charlotte NilssonSzwecja
60%
1960Jacqueline BoyerFrancja
59%
1988Céline DionSzwajcaria
59%
1963Grethe i Jørgen IngmannowieDania
58%
1958André ClaveauFrancja
58%
1987Johnny LoganIrlandia
58%
1980Johnny LoganIrlandia
57%
2001Tanel Padar, Dave Benton i 2XLEstonia
54%
2002Marie NŁotwa
54%
1956Lys AssiaSzwajcaria
54%
2003Sertab ErenerTurcja
54%
1998Dana InternationalIzrael
53%
1993Niamh KavanaghIrlandia
51%
1992Linda MartinIrlandia
49%
1997Katrina & The WavesWielka Brytania
48%
1990Toto CutugnoWłochy
48%
1966Udo JürgensAustria
46%
1962Isabelle AubretFrancja
46%
1976Brotherhood of ManWielka Brytania
46%
1957Corry BrokkenHolandia
44%
1996Eimear QuinnIrlandia
44%
1961Jean-Claude PascalLuksemburg
44%
1991CarolaSzwecja
43%
1969Frida BoccaraFrancja
41%
1969SaloméHiszpania
41%
1978Jizhar Kohen i AlphabetaIzrael
41%
1967Sandie ShawWielka Brytania
41%
1959Teddy ScholtenHolandia
40%
1979Gali Atari i Milk and HoneyIzrael
40%
1965France GallLuksemburg
40%
1981Bucks FizzWielka Brytania
38%
1975Teach-InHolandia
36%
1995Secret GardenNorwegia
36%
1986Sandra KimBelgia
35%
1977Marie MyriamFrancja
35%
1968MassielHiszpania
35%
1969Lenny KuhrHolandia
35%
1989RivaJugosławia
35%
1982NicoleNiemcy
35%
1969LuluWielka Brytania
35%
1984HerreysSzwecja
33%
1970DanaIrlandia
32%
1972Vicky LeandrosLuksemburg
32%
1971SéverineMonako
32%
1973Anne-Marie DavidLuksemburg
31%
1983Corinne HermèsLuksemburg
31%
1985BobbysocksNorwegia
30%

Rozkład punktacji

Percentyl według liczby udzielonych odpowiedzi

Procent ludzi z każdym wynikiem

Twoja historia wyników

Nie rozwiązałeś tego quizu